Kanye West Songs - Sudden Death - Statistics

General Stats
  • This quiz has been taken 6,456 times
    2,196 since last reset
  • The average score is 14 of 19
Answers on the Grid
Answers color-coded by a green-red scale on the quiz's grid according to % correct below.
Eye Know
Sound of da Police
Mosh
Gold Digger
Serial Killers
Jesus Walks
Mona Lisa
Power
Stronger
Through the Wire
Make Me Better
Flashing Lights
Spaceship
Blueberry Yum Yum
Hell of a Life
Peruvian Cocaine
Runaway
Dark Fantasy
Hey Ya!
Marvins Room
Saint Pablo
Miss My Dogs
Heartless
Wolves
Hits from the Bong
Paranoid
Black Skinhead
Paul Revere
Ghost Town
Miss America
Kevin's Heart
WW3
Amari
Water
I Need Love
Champion
Sparks Will Fly
Mahogany
Forbidden Fruit
 
Answer Stats
Answer % Correct
Gold Digger
91%
Flashing Lights
87%
Runaway
87%
Stronger
87%
Heartless
86%
Power
84%
Jesus Walks
83%
Ghost Town
80%
Saint Pablo
80%
Dark Fantasy
78%
Through the Wire
78%
Champion
76%
Black Skinhead
75%
Hell of a Life
72%
Wolves
69%
Spaceship
65%
WW3
65%
Paranoid
60%
Water
34%
No matching quizzes found
Score Distribution
Percent of People with Each Score
Percentile by Number Answered
Your Score History
You have not taken this quiz since the last reset